<?xml version="1.0" encoding="UTF-8"?>
<record
    xmlns:xsi="http://www.w3.org/2001/XMLSchema-instance"
    xsi:schemaLocation="http://www.loc.gov/MARC21/slim http://www.loc.gov/standards/marcxml/schema/MARC21slim.xsd"
    xmlns="http://www.loc.gov/MARC21/slim">

  <leader>     nam a22     7a 4500</leader>
  <datafield tag="999" ind1=" " ind2=" ">
    <subfield code="c">331826</subfield>
    <subfield code="d">331826</subfield>
  </datafield>
  <controlfield tag="003">NUST</controlfield>
  <controlfield tag="005">20171027162555.0</controlfield>
  <controlfield tag="008">171027b        xxu||||| |||| 00| 0 eng d</controlfield>
  <datafield tag="020" ind1=" " ind2=" ">
    <subfield code="a">9694163692</subfield>
  </datafield>
  <datafield tag="040" ind1=" " ind2=" ">
    <subfield code="c">NUST</subfield>
  </datafield>
  <datafield tag="041" ind1=" " ind2=" ">
    <subfield code="h">urdu</subfield>
  </datafield>
  <datafield tag="082" ind1=" " ind2=" ">
    <subfield code="a">891.439</subfield>
    <subfield code="b">DIN</subfield>
  </datafield>
  <datafield tag="100" ind1=" " ind2=" ">
    <subfield code="a">Din, Ahmad</subfield>
    <subfield code="9">5703</subfield>
  </datafield>
  <datafield tag="245" ind1=" " ind2=" ">
    <subfield code="a">Iqbal /</subfield>
    <subfield code="c">by Ahmad Din; murattaba, Mushfiq Khawaja</subfield>
  </datafield>
  <datafield tag="260" ind1=" " ind2=" ">
    <subfield code="a">Lahore:</subfield>
    <subfield code="b">Iqbal academy Pakistan,</subfield>
    <subfield code="c">2006</subfield>
  </datafield>
  <datafield tag="300" ind1=" " ind2=" ">
    <subfield code="a">530 p.</subfield>
  </datafield>
  <datafield tag="650" ind1=" " ind2=" ">
    <subfield code="a">Iqbaliyat</subfield>
    <subfield code="9">81</subfield>
  </datafield>
  <datafield tag="880" ind1=" " ind2=" ">
    <subfield code="6">100-01\(3\r</subfield>
    <subfield code="a">&#x627;&#x62D;&#x645;&#x62F; &#x62F;&#x6CC;&#x646;</subfield>
  </datafield>
  <datafield tag="880" ind1=" " ind2=" ">
    <subfield code="6">245-02\(3\r</subfield>
    <subfield code="a">&#x627;&#x642;&#x628;&#x627;&#x644;</subfield>
    <subfield code="c">&#x627;&#x62D;&#x645;&#x62F; &#x62F;&#x6CC;&#x646;&#x60C; &#x645;&#x631;&#x62A;&#x628;&#x6C1;: &#x645;&#x634;&#x641;&#x642; &#x62E;&#x648;&#x627;&#x62C;&#x6C1;</subfield>
  </datafield>
  <datafield tag="880" ind1=" " ind2=" ">
    <subfield code="6">260-03\(3\r</subfield>
    <subfield code="a">&#x644;&#x627;&#x6C1;&#x648;&#x631;:</subfield>
    <subfield code="b">&#x627;&#x642;&#x628;&#x627;&#x644; &#x627;&#x6A9;&#x627;&#x62F;&#x645;&#x6CC; &#x67E;&#x627;&#x6A9;&#x633;&#x62A;&#x627;&#x646;&#x60C;</subfield>
    <subfield code="c">2006</subfield>
  </datafield>
  <datafield tag="942" ind1=" " ind2=" ">
    <subfield code="2">ddc</subfield>
    <subfield code="c">BK</subfield>
  </datafield>
  <datafield tag="952" ind1=" " ind2=" ">
    <subfield code="0">0</subfield>
    <subfield code="1">0</subfield>
    <subfield code="2">ddc</subfield>
    <subfield code="4">0</subfield>
    <subfield code="7">0</subfield>
    <subfield code="a">CL</subfield>
    <subfield code="b">CL</subfield>
    <subfield code="c">CART</subfield>
    <subfield code="d">2017-10-27</subfield>
    <subfield code="l">3</subfield>
    <subfield code="o">928.91439 DIN</subfield>
    <subfield code="p">CL2419</subfield>
    <subfield code="r">2024-05-08</subfield>
    <subfield code="s">2023-12-01</subfield>
    <subfield code="t">1</subfield>
    <subfield code="w">2017-10-27</subfield>
    <subfield code="y">BK</subfield>
  </datafield>
</record>
